Friedrich Engels y el problema de los pueblos "sin historia"

Uloženo v:
Podrobná bibliografie
Hlavní autor: Rosdolsky, Román
Médium: Text
Vydáno: México D.F.: Pasado y Presente
Tagy: Přidat tag
Žádné tagy, Buďte první, kdo vytvoří štítek k tomuto záznamu!

MARC

LEADER 00000 a a2200000 04500
001 24912
003
040 |a CRAI/IIS  |c CRAI/IIS 
020 |a 968-23-0988-3  
090 |a 175600  
100 |a Rosdolsky, Román  
245 |a Friedrich Engels y el problema de los pueblos "sin historia"  
260 |a México D.F.:   |b Pasado y Presente  
300 |a 224 p.  
999 |c 17473  |d 17473